| 000 | 01227nam a2200193 i 4500 | ||
|---|---|---|---|
| 001 | 768714001 | ||
| 003 | CO-MdFUSB | ||
| 005 | 20221125161116.0 | ||
| 008 | 220726t1984 ck |||| |||| 00| 0 spa d | ||
| 040 |
_bspa _cCO-MdFUSB _dCO-MdFUSB |
||
| 041 | _aspa | ||
| 100 |
_aPardo Bazán, Emilia, _eautor |
||
| 245 | 4 |
_aLos pazos de Ulloa _c/ Emilia Pardo Bazán |
|
| 300 |
_aVolumen 12, (1984) páginas 463 - 623 ; _c22 cm. |
||
| 520 | _aEl personaje que centra la historia es el capellán Julián Álvarez, quién es enviado como encargado de la administración de la casa del marqués de Ulloa, donde tendrá que cuidar de Perucho, el nieto e hijo de los criados Primitivo y Sabel. Pronto, Julián descubre que Perucho es hijo ilegítimo del marqués, a quién también encuentra tras unos días fuera del pazo pegando a Sabel y al niño en una dura escena en la cocina. Finalmente, tras una charla entre el marqués y Julián, el noble es convencido por el capellán para marchar un tiempo de los pazos y encontrar una mujer con la que casarse. | ||
| 650 | 7 |
_97089 _aLiteratura española |
|
| 773 | 0 |
_067924 _981151 _aOveja Negra, _o24701 _tMaestros de la literatura universal _w(CO-MdFUSB)768714001 _z8482806718 |
|
| 942 | _cBK | ||
| 999 |
_c68009 _d68009 |
||